[Event "Challenge"]
[Site "http://www.queenalice.com/game.php?id=55702"]
[Date "2006.3.3"]
[Round "-"]
[White "magnov"]
[Black "Caz"]
[Result "1-0"]
[WhiteElo "1299"]
[BlackElo "934"]

1. d4 c6 2. e4 d5 3. Nc3 e6 4. a4 Nf6 5. Bg5 h6 6. Bh4 g5 7. Bg3 b6 8. h3 dxe4
9. Be5 Nbd7 10. Nxe4 Bg7 11. Nd6+ Ke7 12. Nf3 Nxe5 13. dxe5 Bd7 14. Bc4 Nd5 15.
O-O f6 16. Re1 b5 17. axb5 Nb6 18. Re4 Nxc4 19. Rxc4 fxe5 20. bxc6 e4 21. Nb7
Qc7 22. Nd4 Qb6 23. Ra5 Qxb2 24. Nb5 Rhd8 25. Nxd8 Rxd8 26. cxd7 a6 27. Qd6+ Kf7
28. Nc7 Bf8 29. Qxe6+ Kg7 30. Rxa6 Qc1+ 31. Kh2 Qf4+ 32. Kh1 Qf7 33. Qxh6+ Kg8
34. Qxg5+ Kh7 35. Rxe4 Rxd7 36. Rh4+ Bh6 37. Rhxh6# 1-0

[Event "Challenge"]
[Site "http://www.queenalice.com/game.php?id=62692"]
[Date "2006.4.12"]
[Round "-"]
[White "patrick"]
[Black "Caz"]
[Result "0-1"]
[WhiteElo "1084"]
[BlackElo "930"]

1. g3 e6 2. Bg2 Qf6 3. Nf3 Bc5 4. d4 Bb6 5. b3 Nc6 6. a4 Nxd4 7. Ba3 Nxf3+ 8.
exf3 Qxa1 9. Nd2 Qxa3 10. Nc4 Qc5 11. Ne3 Qc3+ 12. Ke2 d5 13. Qd2 Qf6 14. Ng4
Qf5 15. c4 Nf6 16. Ne3 Qe5 17. cxd5 exd5 18. f4 Qh5+ 19. f3 d4 20. Nc4 Ne4 21.
Qc2 Nd6 22. Re1 O-O 23. Ne5 Ba5 24. Rd1 Bf5 25. g4 Qxh2 26. Kf2 Bxc2 0-1

[Event "Challenge"]
[Site "http://www.queenalice.com/game.php?id=64283"]
[Date "2006.4.19"]
[Round "-"]
[White "Caz"]
[Black "TigraoSC"]
[Result "0-1"]
[WhiteElo "930"]
[BlackElo "1399"]

1. e3 Nf6 2. g3 d5 3. Bb5+ c6 4. Bf1 Bg4 5. f3 Be6 6. c3 c5 7. Qb3 b6 8. Bb5+
Bd7 9. Bd3 Nc6 10. g4 Na5 0-1

[Event "ZIDANE-FIGO"]
[Site "http://www.queenalice.com/game.php?id=66499"]
[Date "2006.5.2"]
[Round "-"]
[White "Caz"]
[Black "Antoine"]
[Result "0-1"]
[WhiteElo "1101"]
[BlackElo "1265"]

1. e3 e5 2. Bc4 c6 3. Qf3 d5 4. Be2 Nf6 5. d4 Bb4+ 6. c3 e4 7. Qg3 O-O 8. cxb4
a5 9. b5 cxb5 10. Bxb5 Qe7 11. b3 Qb4+ 12. Bd2 Qxb5 13. Nc3 Qc6 14. Rc1 Qa6 15.
a4 Nc6 16. Nb5 Nb4 17. Rc3 Bg4 18. h3 Bh5 19. Nc7 Nd3+ 20. Kf1 Qb6 21. Nxa8 Qa7
22. Nc7 Nb2 23. h4 Nd1 24. Rc5 b6 25. Nb5 Qd7 26. Rc7 Qf5 27. f4 Ng4 28. Nd6 Qe6
29. f5 Qf6 30. b4 Qd8 31. Nb7 Qb8 32. bxa5 Ngf2 33. Rh2 bxa5 0-1

[Event "Agora é que é...."]
[Site "http://www.queenalice.com/game.php?id=66515"]
[Date "2006.5.2"]
[Round "-"]
[White "Caz"]
[Black "magnov"]
[Result "1-0"]
[WhiteElo "980"]
[BlackElo "1292"]

1. e3 d5 2. Nh3 e5 3. g3 Nc6 4. f4 e4 5. Ng5 Nf6 6. h4 h6 7. Nh3 d4 8. Na3 dxe3
9. dxe3 Bg4 10. Be2 Nb4 11. Bd2 Bd6 12. Bb5+ c6 13. Be2 a5 14. Bxg4 Nxg4 15.
Qxg4 b6 16. Qxg7 Ke7 17. Qd4 c5 18. Qxe4+ Kd7 19. Qb7+ Bc7 20. Rd1 Rg8 21. Bxb4+
Ke6 22. Rxd8 Raxd8 23. Qc6+ Rd6 24. Qxc7 cxb4 25. Nb5 Rd5 26. Qxb6+ Ke7 27. Qc7+
Ke6 28. Nd4+ Kf6 29. Qc6+ Ke7 30. Qxd5 Rxg3 31. Nf5+ Kf6 32. Nxg3 1-0

[Event "AUTO-INT-90"]
[Site "http://www.queenalice.com/game.php?id=66761"]
[Date "2006.5.3"]
[Round "1"]
[White "fpferreira"]
[Black "Caz"]
[Result "1-0"]
[WhiteElo "1339"]
[BlackElo "1114"]

1. e4 e6 2. e5 f5 3. f4 Nh6 4. Nf3 b6 5. Ng5 Nc6 6. Bb5 a6 7. Bxc6 dxc6 8. Qh5+
g6 9. Qf3 Bb7 10. Nxe6 Qh4+ 11. Qf2 Qg4 12. h3 Qh5 13. Nxc7+ Kd7 14. Nxa8 Bxa8
15. d4 Ng4 16. Qe2 Bb4+ 17. Bd2 c5 18. e6+ Ke7 19. a3 Bxd2+ 20. Nxd2 Bxg2 21.
Rg1 Qh4+ 22. Kd1 Nf2+ 23. Kc1 Bd5 24. c4 Bxe6 25. d5 Ne4 26. Nxe4 Qxf4+ 27. Nd2
Re8 28. Re1 1-0

[Event "AUTO-INT-90"]
[Site "http://www.queenalice.com/game.php?id=66762"]
[Date "2006.5.3"]
[Round "1"]
[White "Caz"]
[Black "fpferreira"]
[Result "0-1"]
[WhiteElo "1107"]
[BlackElo "1346"]

1. e3 e5 2. Qh5 Nf6 3. Qxe5+ Qe7 4. Qxc7 Nc6 5. g3 Nb4 6. b3 d6 7. Qc3 Qe4 8. f3
Nxc2+ 9. Kd1 Qf5 10. Qxc2 Nd5 11. e4 Qe5 12. Bb2 Qg5 13. h4 Qxg3 14. Bb5+ Bd7
15. Bc4 Qg2 16. Bxd5 Qxh1 17. Bd4 Be7 18. Bxb7 Rb8 19. Qc7 Rd8 20. Na3 Qxg1+ 21.
Bxg1 O-O 22. Bh2 Bxh4 23. Bxd6 Rfe8 24. Bc6 Bxc6 25. Qxc6 h6 26. Rc1 Re6 27. Nc4
Rf6 28. e5 Rxf3 0-1

[Event "AUTO-INT-90"]
[Site "http://www.queenalice.com/game.php?id=66779"]
[Date "2006.5.3"]
[Round "1"]
[White "Caz"]
[Black "jocachess"]
[Result "0-1"]
[WhiteElo "1116"]
[BlackElo "1471"]

1. e3 g6 2. Bc4 Nh6 3. Qf3 e6 4. b3 d5 5. Bb2 Rg8 6. Bb5+ Bd7 7. Bd3 Nc6 8. g4
Qe7 9. c4 Bg7 10. Nc3 Qf6 11. Qg3 Ne5 12. g5 Qe7 13. Bc2 O-O-O 14. gxh6 Bf6 15.
f4 Nc6 16. a4 Bh4 17. Nb5 Bxg3+ 18. hxg3 Kb8 19. e4 Nb4 20. Bb1 f5 21. d3 g5 22.
Ne2 gxf4 23. Nxf4 Rxg3 24. Ne2 Nxd3+ 25. Bxd3 Rxd3 26. Be5 Bxb5 27. axb5 Qb4+
28. Kf2 Qxb3 29. Rac1 Rf3+ 30. Ke1 Qb4+ 31. Bc3 Qxc4 32. Bf6 Qxe4 33. Bxd8 Re3
34. Bxc7+ Kc8 35. Bf4+ Kd7 36. Bxe3 Qxh1+ 37. Kd2 Qe4 38. Bxa7 Qb4+ 39. Ke3 Qa3+
40. Nc3 Qxc1+ 41. Kd3 Qa3 42. Bg1 Kd6 43. Kd4 e5+ 44. Kd3 d4 45. Bxd4 exd4 46.
Kxd4 f4 47. b6 Qb4+ 48. Kd3 Qxb6 49. Ne4+ Ke5 50. Ng5 Qd8+ 51. Kc4 Qxg5 52. Kc5
Qxh6 53. Kc4 f3 54. Kd3 Qb6 0-1

[Event "AUTO-INT-90"]
[Site "http://www.queenalice.com/game.php?id=66780"]
[Date "2006.5.3"]
[Round "1"]
[White "jocachess"]
[Black "Caz"]
[Result "1-0"]
[WhiteElo "1469"]
[BlackElo "1118"]

1. e4 e6 2. d4 Nf6 3. e5 Ne4 4. Qe2 Ng5 5. Nf3 h6 6. h4 Nh7 7. Qe3 f5 8. Qc3 g5
9. Bb5 c6 10. Ba4 b5 11. Bb3 g4 12. Nh2 Qxh4 13. Qg3 Qe7 14. Bf4 Qb4+ 15. Qc3
Qe7 16. Nd2 b4 17. Qc5 Qd8 18. Qc4 Ba6 19. Qxa6 Nxa6 20. O-O-O d5 21. Ba4 Rc8
22. Nhf1 Qa5 23. Bb3 c5 24. Be3 Qb5 25. c4 dxc4 26. Bxc4 Qc6 27. Bxh6 Qxg2 28.
Rh2 Qg1 29. Rh5 Nc7 30. Ng3 Qxf2 31. Nh1 Qxd4 32. Re1 Rd8 33. Be3 Qxe5 34. Nb3
Bg7 35. Bd2 Qxb2+ 36. Kd1 Qb1+ 37. Ke2 Qe4+ 38. Kd1 Qf3+ 39. Kc2 g3 40. Re3 Qxh5
41. Nxg3 Qh2 42. Nf1 Qf4 43. Rxe6+ Nxe6 44. Bxf4 Nxf4 45. Nxc5 Rd4 46. Bb5+ Ke7
47. Kb3 Rc8 48. Na4 Nd3 49. Ne3 Nc1+ 50. Kb2 Rd2+ 51. Kb1 b3 52. axb3 Nxb3 53.
Nxf5+ 1-0

[Event "AUTO-OPEN-262"]
[Site "http://www.queenalice.com/game.php?id=67009"]
[Date "2006.5.5"]
[Round "1"]
[White "Boeing"]
[Black "Caz"]
[Result "1-0"]
[WhiteElo "1913"]
[BlackElo "1130"]

1. e4 e6 2. e5 Bb4 3. Nf3 Nc6 4. Bb5 a6 5. Bxc6 dxc6 6. c3 Bc5 7. O-O g5 8. d4
Be7 9. b4 a5 10. bxa5 Rxa5 11. h3 1-0

[Event "AUTO-OPEN-262"]
[Site "http://www.queenalice.com/game.php?id=67010"]
[Date "2006.5.5"]
[Round "1"]
[White "Caz"]
[Black "Boeing"]
[Result "0-1"]
[WhiteElo "1130"]
[BlackElo "1911"]

1. e3 e5 2. Bc4 d5 3. Bb5+ c6 4. Bd3 e4 5. Bf1 Nf6 6. Nh3 Bc5 7. c3 b5 8. b4 Bb6
9. Ng5 Ng4 10. h3 Nxf2 11. Kxf2 Qxg5 0-1

[Event "AUTO-OPEN-262"]
[Site "http://www.queenalice.com/game.php?id=67035"]
[Date "2006.5.5"]
[Round "1"]
[White "knightsdefence"]
[Black "Caz"]
[Result "0-1"]
[WhiteElo "908"]
[BlackElo "1119"]

1. e4 e6 2. d4 f5 3. f3 d5 4. e5 Nh6 5. Bxh6 gxh6 6. f4 Bb4+ 7. c3 Be7 8. Nf3
Na6 9. Bxa6 bxa6 10. O-O a5 11. Qa4+ Bd7 12. Qxa5 Qb8 13. Rf2 Rg8 14. b4 Rg4 15.
Nfd2 Bh4 16. Rf1 Bb5 17. Rc1 Rxf4 18. g3 Rg4 0-1

[Event "AUTO-OPEN-262"]
[Site "http://www.queenalice.com/game.php?id=67036"]
[Date "2006.5.5"]
[Round "1"]
[White "Caz"]
[Black "knightsdefence"]
[Result "1-0"]
[WhiteElo "1106"]
[BlackElo "908"]

1. e3 e5 2. Bc4 d5 3. Bb5+ Bd7 4. Bd3 Nc6 5. Nc3 Nf6 6. e4 d4 7. Nb5 Nb4 8. Bc4
a6 9. Na3 Nc6 10. c3 Bd6 11. Nf3 h6 12. Qb3 Rb8 13. Bxf7+ Ke7 14. Bg6 Be8 15.
Bf5 Bd7 16. Bg6 Be8 17. Nh4 Nxe4 18. Bxe4 1-0

[Event "AUTO-OPEN-262"]
[Site "http://www.queenalice.com/game.php?id=67053"]
[Date "2006.5.5"]
[Round "1"]
[White "Caz"]
[Black "stamm"]
[Result "0-1"]
[WhiteElo "1130"]
[BlackElo "1722"]

1. e3 e5 2. g3 Nf6 3. Nh3 h6 4. c4 c5 5. d4 Nc6 6. a3 exd4 7. Qe2 Be7 8. exd4
Nxd4 9. Qd3 d6 10. Nf4 Bf5 11. Qd1 Nc2+ 12. Ke2 Nxa1 13. Qa4+ Bd7 14. Qd1 O-O
15. Bg2 Rb8 16. b4 b5 17. Bb2 bxc4 18. Bxa1 cxb4 19. Qd4 bxa3 20. Nxa3 d5 21.
Nc2 Re8 22. Kd2 Qa5+ 23. Kd1 Bg4+ 0-1

[Event "AUTO-OPEN-262"]
[Site "http://www.queenalice.com/game.php?id=67054"]
[Date "2006.5.5"]
[Round "1"]
[White "stamm"]
[Black "Caz"]
[Result "1-0"]
[WhiteElo "1724"]
[BlackElo "1130"]

1. d4 e6 2. d5 Bc5 3. e3 c6 4. dxc6 bxc6 5. a3 Nh6 6. b4 Bd6 7. Qxd6 Qf6 8. c3
Nf5 9. Qd2 d5 10. Bd3 Qg5 11. g3 e5 12. h4 Qg4 13. Be2 Qe4 14. f3 Qxe3 15. Qxe3
Nxe3 16. Bxe3 f6 17. Nd2 Rf8 18. Bc5 Rf7 19. Bd3 Nd7 20. Bxh7 Nxc5 21. bxc5 Rd7
22. Bf5 Rb7 23. Bxc8 1-0

[Event "Desforra!!!!!!!!"]
[Site "http://www.queenalice.com/game.php?id=69756"]
[Date "2006.5.17"]
[Round "-"]
[White "Caz"]
[Black "magnov"]
[Result "0-1"]
[WhiteElo "1122"]
[BlackElo "1285"]

1. e3 e5 2. Qh5 g6 3. Qxe5+ Qe7 4. Qxh8 Nf6 5. g4 d5 6. g5 Ne4 7. Qxh7 Nxg5 8.
Qh4 Nc6 9. f4 Nf3+ 10. Kf2 Qxh4+ 11. Kxf3 Qg4+ 12. Kf2 d4 13. Ne2 dxe3+ 14. Kxe3
b6 15. Nbc3 g5 16. fxg5 Ba6 17. d3 Qxg5+ 18. Nf4 Bc5+ 19. d4 Bxd4+ 20. Ke4 Qe5+
21. Kf3 f5 22. Bxa6 Rd8 23. Bd2 Qf6 24. Ncd5 Qg7 25. Ne6 Qg4# 0-1

[Event "Agora é a minha vez........."]
[Site "http://www.queenalice.com/game.php?id=73369"]
[Date "2006.5.31"]
[Round "-"]
[White "Caz"]
[Black "magnov"]
[Result "0-1"]
[WhiteElo "1130"]
[BlackElo "1269"]

1. e3 d5 2. Nf3 Nf6 3. d4 Nc6 4. Nc3 Bg4 5. h3 Bh5 6. g4 Bg6 7. Ne5 h5 8. f4
hxg4 9. Bb5 gxh3 10. Nxc6 Qd6 11. Ne5+ c6 12. Be2 h2 13. Bd3 Bh5 14. Qd2 Bg6 0-1